000
00278nam a2200109Ia 4500
008
200302s9999 xx 000 0 und d
100
_a
W.D.Stagg & Others
245
_a
Plastering : An Encyclopedia 3rd Edition
260
_b
Blackwell Publishing
260
_c
1999
300
_a
295 P
999
_c
4807
_d
4807